Rubber / (Record no. 12206)
[ view plain ]
| 000 -LEADER | |
|---|---|
| fixed length control field | 01135pam a2200289 a 4500 |
| 001 - CONTROL NUMBER | |
| control field | 3381407 |
| 005 - DATE AND TIME OF LATEST TRANSACTION | |
| control field | 19910402134442.7 |
| 008 - FIXED-LENGTH DATA ELEMENTS--GENERAL INFORMATION | |
| fixed length control field | 880126s1989 enkab b 001 0 eng |
| 010 ## - LIBRARY OF CONGRESS CONTROL NUMBER | |
| LC control number | 88001606 |
| 020 ## - INTERNATIONAL STANDARD BOOK NUMBER | |
| International Standard Book Number | 0582404053 |
| Terms of availability | 43.00 |
| 020 ## - INTERNATIONAL STANDARD BOOK NUMBER | |
| International Standard Book Number | 0470210273 (Wiley) |
| 020 ## - INTERNATIONAL STANDARD BOOK NUMBER | |
| International Standard Book Number | 047021027 (Wiley,USA only) |
| 040 ## - CATALOGING SOURCE | |
| Original cataloging agency | DLC |
| Transcribing agency | DLC |
| Modifying agency | DLC |
| 050 00 - LIBRARY OF CONGRESS CALL NUMBER | |
| Classification number | SB291.H4 |
| Item number | R78 1989 |
| 082 00 - DEWEY DECIMAL CLASSIFICATION NUMBER | |
| Classification number | 633.8952 |
| Edition number | 19 |
| Item number | RUB |
| 245 00 - TITLE STATEMENT | |
| Title | Rubber / |
| Statement of responsibility, etc | [edited by] C.C. Webster and W.J. Baulkwill. |
| 260 ## - PUBLICATION, DISTRIBUTION, ETC. (IMPRINT) | |
| Place of publication, distribution, etc | Burnt Mill, Harlow, Essex, England : |
| Name of publisher, distributor, etc | Longman Scientific & Technical ; |
| Place of publication, distribution, etc | New York : |
| Name of publisher, distributor, etc | Wiley, |
| Date of publication, distribution, etc | c1989. |
| 300 ## - PHYSICAL DESCRIPTION | |
| Extent | viii, 614 p. : |
| Other physical details | ill. (some col.), maps ; |
| Dimensions | 23 cm. |
| 440 #0 - | |
| -- | Tropical Agriculture Series |
| -- | 7592 |
| 504 ## - BIBLIOGRAPHY, ETC. NOTE | |
| Bibliography, etc | Includes bibliographical references (p. [557]-603) and index. |
| 650 #0 - SUBJECT ADDED ENTRY--TOPICAL TERM | |
| Topical term or geographic name as entry element | Hevea. |
| 9 (RLIN) | 7593 |
| 650 #0 - SUBJECT ADDED ENTRY--TOPICAL TERM | |
| Topical term or geographic name as entry element | Rubber. |
| 9 (RLIN) | 7594 |
| 700 1# - ADDED ENTRY--PERSONAL NAME | |
| Personal name | Webster, C. C. |
| Fuller form of name | (Cyril Charles), |
| Dates associated with a name | 1909- |
| 9 (RLIN) | 7595 |
| 700 1# - ADDED ENTRY--PERSONAL NAME | |
| Personal name | Baulkwill, W. J. |
| Fuller form of name | (William John), |
| Dates associated with a name | 1919- |
| 9 (RLIN) | 7596 |
| 942 ## - ADDED ENTRY ELEMENTS (KOHA) | |
| Source of classification or shelving scheme | Dewey Decimal Classification |
| Item type | Book - Borrowing |
| Withdrawn status | Item status | Source of classification or shelving scheme | Damaged status | Not for loan | Vendor | Home library | Current library | Shelving location | Date acquired | Source of acquisition | Cost, normal purchase price | Serial Enumeration / chronology | Total Checkouts | Full call number | Barcode | Date last seen | Koha item type |
|---|---|---|---|---|---|---|---|---|---|---|---|---|---|---|---|---|---|
| Dewey Decimal Classification | Alahram | Central Library | Central Library | First floor | 06/07/2009 | 334.20 | 72 | 633.8952 RUB | 000017340 | 15/07/2025 | Book - Borrowing |